000 01855nam a2200313Ia 4500
999 _c54794
_d54794
001 21862
003 GE_BSU
005 20220615153553.0
008 181216s ||||ge |||||||||||||| ||geo||
020 _a9781847105653 (ინგლ. გამოც.)
040 _cGE_BSU
041 _ageo
080 _a657.15(076.1) ფ-59
245 _aფინანსური ანგარიშგება წიგნი F7 :
_bსაგამოცდო სავარჯიშოების კრებული - პროფესიული გამოცდები /
_cწიგნის თარგმანზე და გამოცემაზე მუშაობდნენ : მთარგმნ. ბ. ალავერდაშვილი ; ექპერტი და რედ. ე. თევზაძე.
264 _aთბილისი :
_bდანი,
_c2009.
300 _a343 გვ. ;
_c29 სმ.
490 _aACCA ინგლისისა და უელსის ნაფიც სერტიფიცირებულ ბუღალტერთა ასოციაცია
541 _h29ლ. 50თ.
546 _aპარალელური სათაური ინგლისურ ენაზე
653 _aეკონომიკა
653 _aბუღალტერია
653 _aპროფესიული გამოცდები
653 _aფინანსური ანგარიშგება
653 _aწიგნი F7
653 _aსაგამოცდო სავარჯიშოების კრებული
700 _aალავერდაშვილი, ბ.
_eმთარგმნელი
_914086
700 _aთევზაძე, ე.
_eრედაქტორი
_914087
942 _cBK
_2udc